|
|
|
|
| LEADER |
02087nam a22004335i 4500 |
| 001 |
978-1-59745-276-2 |
| 003 |
DE-He213 |
| 005 |
20151204145145.0 |
| 007 |
cr nn 008mamaa |
| 008 |
100301s2007 xxu| s |||| 0|eng d |
| 020 |
|
|
|a 9781597452762
|9 978-1-59745-276-2
|
| 024 |
7 |
|
|a 10.1007/978-1-59745-276-2
|2 doi
|
| 040 |
|
|
|d GrThAP
|
| 050 |
|
4 |
|a RB1-214
|
| 072 |
|
7 |
|a MMF
|2 bicssc
|
| 072 |
|
7 |
|a MED067000
|2 bisacsh
|
| 082 |
0 |
4 |
|a 616.07
|2 23
|
| 100 |
1 |
|
|a Hoda, Rana S.
|e author.
|
| 245 |
1 |
0 |
|a Fundamentals of Pap Test Cytology
|h [electronic resource] /
|c by Rana S. Hoda, Syed A. Hoda.
|
| 264 |
|
1 |
|a Totowa, NJ :
|b Humana Press,
|c 2007.
|
| 300 |
|
|
|a XIV, 238 p. 179 illus.
|b online resource.
|
| 336 |
|
|
|a text
|b txt
|2 rdacontent
|
| 337 |
|
|
|a computer
|b c
|2 rdamedia
|
| 338 |
|
|
|a online resource
|b cr
|2 rdacarrier
|
| 347 |
|
|
|a text file
|b PDF
|2 rda
|
| 505 |
0 |
|
|a A Short Dictionary of the Pap Test -- Analogies in the Pap Test Of “Corn Flakes” and “Raisins” -- Basic Cytology Principles -- Basic Anatomy and Cytology of the Female Genital Tract -- The Bethesda System -- Liquid-Based Preparations -- Physiological Cytology -- Reactive Changes and Organisms -- Human Papillomavirus in Cervical Carcinogenesis -- Atypical Squamous Cells -- Low-Grade Squamous Intra-Epithelial Lesion -- High-Grade Squamous Intra-Epithelial Lesion -- Invasive Squamous Carcinoma -- Endocervical Lesions -- Endometrial Lesions -- Metastatic Tumors -- Therapy-Related Changes -- Artifacts, Contaminants, and Incidental Findings -- Screening and Management Guidelines of Pap Test and Newer Techniques.
|
| 650 |
|
0 |
|a Medicine.
|
| 650 |
|
0 |
|a Laboratory medicine.
|
| 650 |
|
0 |
|a Pathology.
|
| 650 |
1 |
4 |
|a Medicine & Public Health.
|
| 650 |
2 |
4 |
|a Pathology.
|
| 650 |
2 |
4 |
|a Laboratory Medicine.
|
| 700 |
1 |
|
|a Hoda, Syed A.
|e author.
|
| 710 |
2 |
|
|a SpringerLink (Online service)
|
| 773 |
0 |
|
|t Springer eBooks
|
| 776 |
0 |
8 |
|i Printed edition:
|z 9781588297686
|
| 856 |
4 |
0 |
|u http://dx.doi.org/10.1007/978-1-59745-276-2
|z Full Text via HEAL-Link
|
| 912 |
|
|
|a ZDB-2-SME
|
| 950 |
|
|
|a Medicine (Springer-11650)
|